"Umnyj rost" kak institucionaľnaja innovacija XXI veka

Nový termín v ekonomickej vede - "inteligentný hospodársky rast", ktorý odráža reálne procesy v súčasnom svete. Strategický cieľ vyspelých krajín sveta - prechod k inovačnému rozvoju na základe použitia nových vedeckých poznatkov a nových technológií.

Guardado en:
Detalles Bibliográficos
Autor principal: Gonda, Vladimír
Formato: Capítulo de libro
Lenguaje:ruso
Materias:
Etiquetas: Agregar Etiqueta
Sin Etiquetas, Sea el primero en etiquetar este registro!

MARC

LEADER 00000naa$a2200000$$$4500
001 0193616
005 20240502083450.0
041 0 |a rus 
044 |a RU 
245 1 0 |a "Umnyj rost" kak institucionaľnaja innovacija XXI veka  |c Vladimír Gonda 
520 |a Nový termín v ekonomickej vede - "inteligentný hospodársky rast", ktorý odráža reálne procesy v súčasnom svete. Strategický cieľ vyspelých krajín sveta - prechod k inovačnému rozvoju na základe použitia nových vedeckých poznatkov a nových technológií. 
610 2 0 |a rast hospodársky 
610 2 0 |a technológie nové 
610 2 0 |a inovácia 
610 2 0 |a veda 
610 2 0 |a vzdelávanie 
100 1 |a Gonda, Vladimír